000 00414nam a22001217a 4500
082 _a200 THE
100 _aMohsin Raza
_970499
245 _aTH-SOF-1694-Thermal Design and Analysis of Static Chamber Microfluidic Device
260 _aISLAMABAD
_bNUST COLLEGE OF EME
_c2019
650 _aMS-MECH-2015 MSTHESIS
_969463
700 _aSupervisor Dr. Imran Akhtar Co-Supervisor Dr. Imran Raouf Malik
_970500
942 _cCF
999 _c577476
_d577476